| 000 | 00463nam a2200169Ia 4500 | ||
|---|---|---|---|
| 001 | 62906 | ||
| 008 | 180607n ii |||gr||||Z||||||465 | ||
| 082 | _a823 | ||
| 100 |
_aDefoe, Daniel, _eAuthor. |
||
| 245 | 0 |
_aThe Life And Development of Robinson Crusoe _cDaniel Defoe _hTextual Documents |
|
| 250 | _aIst ed - 1719. | ||
| 260 |
_aUSA _bPenguin Books Ltd |
||
| 300 |
_a318p: _c20cm. |
||
| 653 | _aEnglish Literature | ||
| 653 | _aG - English | ||
| 942 |
_2ddc _cBK |
||
| 999 |
_c64013 _d64013 |
||